Obálka Náhled e-knihy:
Epub
Pro půjčování e-knih musíte být přihlášeni.
Jak si půjčit online?

Parfumerie Douglas. Svět vůní /

Druhý román ze série o osudech dvou podnikavých žen a jejich impéria ve světě elegantních vůní.

Uloženo v:
Série:Parfumerie Douglas, část 2
Hlavní autor: Jacobi, Charlotte (Autor)
Další autoři: Dirk, Ivana, 1949- (Autor)
Médium: E-kniha
Jazyk:Czech
Vydáno: Praha : Ikar, 2023
Vydání:Vydání první
Témata:
Příbuzné jednotky:Z cyklu:: Parfumerie Douglas
Tagy:
Žádné tagy
LEADER 03384nam a2200661 i 4500
001 311910
003 CZ PrSKC
005 20260601215714.0
007 ta
008 230414s2023 xr g 000 fbcze
015 |a cnb003475920 
020 |a 9788024950129  |q (vázáno) 
035 |a (OCoLC)1381700487 
040 |a ABG001  |b cze  |e rda 
041 1 |a cze  |h ger 
043 |a e-gx--- 
045 |a w7x2 
072 7 |a 821.112.2-3  |x Německá próza, německy psaná  |2 Konspekt 
072 7 |a 929  |x Biografie  |2 Konspekt 
080 |a 821.112.2-31  |2 MRF 
080 |a 658.114-055.2  |2 MRF 
080 |a 665.57:334.711  |2 MRF 
080 |a 929  |2 MRF 
080 |a (430)  |2 MRF 
080 |a (0:82-311.6)  |2 MRF 
100 1 |a Jacobi, Charlotte  |7 xx0278312  |4 aut 
240 1 0 |a Paradies der Düfte.  |l Česky 
245 1 0 |a Parfumerie Douglas.  |p Svět vůní /  |c Charlotte Jacobi ; z německého originálu Die Douglas Schwestern - Das Paradies der Düfte ... přeložila Ivana Dirk Lukačovičová 
246 3 0 |a Svět vůní 
250 |a Vydání první 
264 1 |a Praha :  |b Ikar,  |c 2023 
300 |a 366 stran ;  |c 21 cm 
336 |a text  |b txt  |2 rdacontent 
337 |a bez média  |b n  |2 rdamedia 
338 |a svazek  |b nc  |2 rdacarrier 
520 2 |a Druhý román ze série o osudech dvou podnikavých žen a jejich impéria ve světě elegantních vůní.  |b Hamburk, 1920. Parfumerie Douglas existuje už deset let. Zakladatelky Marie a Anna Carstensovy se chtějí soustředit na navazování mezinárodních kontaktů, a proto předávají každodenní provoz do rukou svých kmotřenek Herthy a Lucie Hardersových. Mladé ženy však očekávají těžké časy: německé hospodářství se hroutí pod tíhou povinnosti platit válečné reparace, kvůli inflaci klesá počet zákazníků. Při hledání nových nápadů se nechá Lucie v Berlíně a New Yorku zlatých dvacátých let inspirovat výjimečnými vůněmi - ale také láskou. Nakladatelská anotace. 
600 1 7 |a Carstens, Marie Margareta,  |d 1876-1929  |7 mzk20221168825  |2 czenas 
600 1 7 |a Carstens, Anna Dorothea,  |d 1879-1927  |7 mzk20221168831  |2 czenas 
610 2 7 |a Parfümerie Douglas (firma)  |7 mzk20221168816  |2 czenas 
648 7 |a 19.-20. století  |7 ch757015  |2 czenas 
648 7 |a 20. století  |7 ch460558  |2 czenas 
650 0 7 |a podnikatelky  |7 ph115869  |z Německo  |y 19.-20. století  |2 czenas 
650 0 7 |a parfumerie  |7 ph1170190  |z Německo  |y 20. století  |2 czenas 
650 0 9 |a businesswomen  |z Germany  |y 19th-20th centuries  |2 eczenas 
650 0 9 |a perfume houses  |z Germany  |y 20th century  |2 eczenas 
655 7 |a německé romány  |7 fd132945  |2 czenas 
655 7 |a historické romány  |7 fd132414  |2 czenas 
655 9 |a German fiction  |2 eczenas 
655 9 |a historical novels  |2 eczenas 
700 1 |a Dirk, Ivana,  |d 1949-  |7 pag2009500101  |4 trl 
765 1 |t Douglas Schwestern 
787 0 8 |i Z cyklu:  |t Parfumerie Douglas  |g 2 
900 |a ABA001  |b 21 
928 9 |a Euromedia Group - Ikar 
044 |a xr 
910 |a RBIT002 
998 |d 373854  |a https://core.palmknihy.cz/api/books/373854/cover?rt3rr9  |b https://core.palmknihy.cz/api/books/373854/cover/400?rt3rr9  |c https://core.palmknihy.cz/api/books/373854/cover/50?rt3rr9  |e 2027-06-30  |g 368  |i 9788024950129  |j https://core.palmknihy.cz/api/books/373854/preview.epub  |l   |q 49  |r 1  |s https://www.palmknihy.cz/kniha/373854  |t ebook  |y 2023  |z 0  |v Parfumerie Douglas  |w 2 
999 |d 311908